Statistics for Footballers by Picture - Ivory Coast

Click here to take the quiz!

General Stats

  • This quiz has been taken 74 times
  • The average score is 9 of 20

Answer Stats

Answer% Correct
Didier Drogba
100%
Wilfried Zaha
82%
Yaya Touré
82%
Gervinho
81%
Kolo Touré
78%
Sébastien Haller
75%
Franck Kessié
69%
Wilfried Bony
61%
Nicolas Pépé
54%
Salomon Kalou
48%
Seydou Doumbia
37%
Cheick Tioté
36%
Willy Boly
31%
Didier Zokora
21%
Max Gradel
21%
Jean-Philippe Gbamin
19%
Boubacar Barry
16%
Jean Michaël Seri
15%
Arthur Boka
7%
Siaka Tiéné
4%

Score Distribution

Percentile by Number Answered

Percent of People with Each Score

Your Score History

You have not taken this quiz